[Event "Amsterdam Chess Tournament 2005"]
[Site "Amsterdam NED"]
[Date "2005.07.20"]
[Round "5.29"]
[White "Van Leent, Dimitri"]
[Black "Koster, Ramon"]
[Result "1-0"]
[WhiteElo "2261"]
[BlackElo "2335"]
[PlyCount "43"]
[EventDate "2005.07.16"]
[EventType "tourn"]
[EventRounds "9"]
[EventCountry "NED"]
[Source "lmi"]
[SourceDate "2005.07.25"]

1. e4 e6 2. d4 d5 3. Nc3 Bb4 4. e5 c5 5. a3 Ba5 6. Qg4 Ne7 7. dxc5 Bxc3+ 8.
bxc3 Qc7 9. Qxg7 Rg8 10. Qxh7 Qxe5+ 11. Ne2 Bd7 12. Qd3 Na6 13. Bf4 Qf6 14. Qd4
Qg6 15. Ng3 Nc6 16. Qe3 Rc8 17. Bd3 Qf6 18. O-O Qxc3 19. Nf5 Nxc5 20. Nd6+ Ke7
21. Nxc8+ Bxc8 22. Bh7 1-0

[Event "Amsterdam Chess Tournament 2005"]
[Site "Amsterdam NED"]
[Date "2005.07.20"]
[Round "5.31"]
[White "Wunnink, Michael"]
[Black "Al Sayed, Mohamad N"]
[Result "1/2-1/2"]
[WhiteElo "2223"]
[BlackElo "2478"]
[PlyCount "94"]
[EventDate "2005.07.16"]
[EventType "tourn"]
[EventRounds "9"]
[EventCountry "NED"]
[Source "lmi"]
[SourceDate "2005.07.25"]

1. e4 c5 2. Nf3 Nc6 3. d4 cxd4 4. Nxd4 Nf6 5. Nc3 d6 6. Bg5 e6 7. Qd2 Be7 8.
O-O-O Nxd4 9. Qxd4 a6 10. f4 b5 11. Bxf6 gxf6 12. f5 Qa5 13. Kb1 Bb7 14. a3
O-O-O 15. Be2 Kb8 16. Bh5 Rhf8 17. Bg4 Rg8 18. h3 Bc8 19. Rhe1 Qc7 20. Rd3 Bd7
21. a4 Rc8 22. axb5 axb5 23. Rc1 Qc5 24. fxe6 fxe6 25. Ne2 Rg5 26. Qxc5 Rcxc5
27. Nd4 Rge5 28. Bf3 Be8 29. Rb3 Kc7 30. Ra3 Kb7 31. Rb3 Rc4 32. Rd1 Kb6 33.
Be2 Rcc5 34. Bd3 d5 35. Nf3 Rh5 36. Nd4 Bd7 37. Re1 e5 38. exd5 Rxd5 39. Ne2
Rh4 40. Nc3 Rc5 41. Be4 Kc7 42. Ra3 Kd8 43. Ra7 Rc7 44. Ra8+ Rc8 45. Ra7 Rc7
46. Ra8+ Rc8 47. Ra7 Rc7 1/2-1/2

[Event "Amsterdam Chess Tournament 2005"]
[Site "Amsterdam NED"]
[Date "2005.07.20"]
[Round "5.32"]
[White "Ansell, Simon"]
[Black "Slingerland, Fred"]
[Result "0-1"]
[WhiteElo "2407"]
[BlackElo "2259"]
[PlyCount "194"]
[EventDate "2005.07.16"]
[EventType "tourn"]
[EventRounds "9"]
[EventCountry "NED"]
[Source "lmi"]
[SourceDate "2005.07.25"]

1. e4 c5 2. Nf3 Nc6 3. Bb5 g6 4. O-O Bg7 5. Nc3 Nf6 6. e5 Ng4 7. Bxc6 dxc6 8.
Re1 O-O 9. d3 Nh6 10. Ne4 b6 11. h3 Nf5 12. Bf4 Nd4 13. a4 Qd5 14. a5 Bf5 15.
Nfd2 Rfd8 16. g4 Bxe4 17. dxe4 Qd7 18. axb6 axb6 19. Rxa8 Rxa8 20. Nc4 Rd8 21.
c3 b5 22. Nb6 Qa7 23. cxd4 cxd4 24. e6 fxe6 25. Qb3 Kf7 26. Qf3 Kg8 27. Qa3
Qxb6 28. Qxe7 e5 29. Bxe5 Bxe5 30. Qe6+ Kg7 31. Qxe5+ Kf7 32. Qf4+ Kg8 33. e5
Rf8 34. Qd2 c5 35. e6 Re8 36. Qg5 Qd6 37. e7 d3 38. Qe3 c4 39. Qg5 Qd7 40. h4
d2 41. Rd1 Qxe7 42. Qxe7 Rxe7 43. Rxd2 Kf7 44. Rd5 Rb7 45. Rc5 Ke6 46. f3 Kd6
47. Rc8 Kd5 48. Kf2 b4 49. Rd8+ Kc5 50. Ke3 c3 51. Rc8+ Kd5 52. bxc3 b3 53.
Rd8+ Kc4 54. Rc8+ Kd5 55. Rd8+ Kc5 56. Rc8+ Kd6 57. Rd8+ Kc6 58. Rd1 Kc5 59.
Kd2 Kc4 60. Kc1 Kxc3 61. Rd8 Rf7 62. Rc8+ Kd4 63. h5 Rxf3 64. hxg6 hxg6 65. Rg8
Rf6 66. Rb8 Kc4 67. Rc8+ Kd5 68. Rb8 Ke5 69. Rxb3 Kf4 70. Rb4+ Kg5 71. Kd2 Re6
72. Ra4 Kh4 73. Rb4 g5 74. Ra4 Kg3 75. Rb4 Kf3 76. Ra4 Rb6 77. Rc4 Rb2+ 78. Ke1
Rb1+ 79. Kd2 Rg1 80. Rc3+ Kf2 81. Rc4 Rg3 82. Ra4 Kf3 83. Ra3+ Kxg4 84. Ra8 Rf3
85. Ke2 Kg3 86. Ra1 Rf2+ 87. Ke3 g4 88. Rg1+ Rg2 89. Rh1 Ra2 90. Rg1+ Kh3 91.
Rb1 g3 92. Rb8 Kg2 93. Rg8 Kh2 94. Rh8+ Kg1 95. Rc8 g2 96. Kf3 Ra3+ 97. Ke2 Kh2
0-1

[Event "Amsterdam Chess Tournament 2005"]
[Site "Amsterdam NED"]
[Date "2005.07.20"]
[Round "5.33"]
[White "Martyn, Rafe"]
[Black "Ruijgrok, Dennis"]
[Result "0-1"]
[WhiteElo "2340"]
[BlackElo "2249"]
[PlyCount "86"]
[EventDate "2005.07.16"]
[EventType "tourn"]
[EventRounds "9"]
[EventCountry "NED"]
[Source "lmi"]
[SourceDate "2005.07.25"]

1. d4 f5 2. g3 Nf6 3. Bg2 d6 4. Nf3 g6 5. O-O Bg7 6. c4 O-O 7. Nc3 Qe8 8. d5
Na6 9. Rb1 Nc5 10. b3 Bd7 11. Bb2 c6 12. Nd4 Rc8 13. e3 Qf7 14. Nde2 Rfd8 15.
Qd2 Nce4 16. Nxe4 Nxe4 17. Qd3 cxd5 18. cxd5 Rc5 19. Bxg7 Bb5 20. Qd1 Bxe2 21.
Qxe2 Kxg7 22. Rbd1 Rxd5 23. Rxd5 Qxd5 24. Rd1 Qe5 25. Qc4 d5 26. Qb4 b6 27. f4
Qe6 28. Qd4+ Kf7 29. Rc1 Nf6 30. Rc7 Rd7 31. Rc3 Qd6 32. Bf3 e6 33. b4 Rc7 34.
a3 Rc6 35. Kg2 Qc7 36. Rxc6 Qxc6 37. Qb2 Qc4 38. Kf2 h6 39. h4 h5 40. Kg2 Ke7
41. Kf2 Qd3 42. Qe5 Qc2+ 43. Be2 Ng4+ 0-1

[Event "Amsterdam Chess Tournament 2005"]
[Site "Amsterdam NED"]
[Date "2005.07.20"]
[Round "5.34"]
[White "Schoorl, Rob"]
[Black "Timman, Anton P"]
[Result "1/2-1/2"]
[WhiteElo "2239"]
[BlackElo "2335"]
[PlyCount "41"]
[EventDate "2005.07.16"]
[EventType "tourn"]
[EventRounds "9"]
[EventCountry "NED"]
[Source "lmi"]
[SourceDate "2005.07.25"]

1. e4 e5 2. Nf3 Nc6 3. Bb5 a6 4. Ba4 Nf6 5. O-O Be7 6. Re1 b5 7. Bb3 d6 8. c3
O-O 9. h3 Nb8 10. d4 Nbd7 11. Nbd2 Bb7 12. Bc2 c5 13. d5 g6 14. Nf1 Nh5 15. Bh6
Re8 16. Qd2 Bf8 17. Bg5 f6 18. Be3 Ng7 19. Bh6 Nh5 20. Be3 Ng7 21. Bh6 1/2-1/2

[Event "Amsterdam Chess Tournament 2005"]
[Site "Amsterdam NED"]
[Date "2005.07.20"]
[Round "5.35"]
[White "Schmitz, Henk"]
[Black "Van Eekhout, David"]
[Result "1/2-1/2"]
[WhiteElo "2306"]
[BlackElo "2240"]
[PlyCount "83"]
[EventDate "2005.07.16"]
[EventType "tourn"]
[EventRounds "9"]
[EventCountry "NED"]
[Source "lmi"]
[SourceDate "2005.07.25"]

1. e4 e5 2. Nf3 Nc6 3. d3 Nf6 4. g3 Be7 5. Bg2 O-O 6. O-O d5 7. exd5 Nxd5 8.
Re1 Bf6 9. Nbd2 g6 10. Nc4 Re8 11. a4 a5 12. Bh6 Bg4 13. h3 Bf5 14. c3 Rb8 15.
Qc2 Nb6 16. Nxb6 Bxd3 17. Qb3 cxb6 18. Be3 Qd7 19. Bxb6 e4 20. Nd2 Qf5 21. Bc7
Rbc8 22. Bf4 g5 23. Be3 Ne5 24. g4 Qd7 25. Bd4 Nf3+ 26. Bxf3 Bxd4 27. Nxe4 Bxe4
28. Bxe4 Bf6 29. Rad1 Qc7 30. Qb5 Re5 31. Rd7 Rxb5 32. Rxc7 Rxc7 33. axb5 Rc5
34. Bd3 Kf8 35. Kg2 Rd5 36. Re3 h6 37. c4 Re5 38. Be4 b6 39. b3 Re6 40. Kf3 Bd4
41. Rd3 Bc5 42. Rd2 1/2-1/2

[Event "Amsterdam Chess Tournament 2005"]
[Site "Amsterdam NED"]
[Date "2005.07.20"]
[Round "5.36"]
[White "Baquero, Luis A"]
[Black "Overeem, Marc"]
[Result "1-0"]
[WhiteElo "2301"]
[BlackElo "2199"]
[PlyCount "32"]
[EventDate "2005.07.16"]
[EventType "tourn"]
[EventRounds "9"]
[EventCountry "NED"]
[Source "lmi"]
[SourceDate "2005.07.25"]

1. c4 e6 2. Nc3 d5 3. d4 Be7 4. Bf4 Nf6 5. e3 O-O 6. Nf3 c5 7. dxc5 Bxc5 8. Qc2
Nc6 9. Rd1 Qa5 10. Nd2 Bb4 11. a3 Bxc3 12. Qxc3 Qa4 13. cxd5 Nxd5 14. Bg3 b6
15. Bd3 h6 16. e4 Nde7 1-0

[Event "Amsterdam Chess Tournament 2005"]
[Site "Amsterdam NED"]
[Date "2005.07.20"]
[Round "5.37"]
[White "Vogel, Jaap"]
[Black "Burg, Twan"]
[Result "0-1"]
[WhiteElo "2291"]
[BlackElo "2218"]
[PlyCount "50"]
[EventDate "2005.07.16"]
[EventType "tourn"]
[EventRounds "9"]
[EventCountry "NED"]
[Source "lmi"]
[SourceDate "2005.07.25"]

1. Nf3 Nf6 2. c4 g6 3. Nc3 Bg7 4. g3 O-O 5. Bg2 d6 6. d4 Nc6 7. O-O Rb8 8. h3
a6 9. Be3 b5 10. cxb5 axb5 11. Rc1 Na5 12. b4 Nc4 13. Bg5 c6 14. e4 h6 15. Bxf6
Bxf6 16. Qe2 d5 17. exd5 cxd5 18. Ne5 Bxe5 19. dxe5 e6 20. h4 Qe7 21. Rb1 Qc7
22. Rfe1 d4 23. Nxb5 Rxb5 24. Rec1 Rxe5 25. Qxc4 Re1+ 0-1

[Event "Amsterdam Chess Tournament 2005"]
[Site "Amsterdam NED"]
[Date "2005.07.20"]
[Round "5.39"]
[White "Bachofner, Andreas"]
[Black "Narings, Niek"]
[Result "1-0"]
[WhiteElo "2177"]
[BlackElo "2263"]
[PlyCount "22"]
[EventDate "2005.07.16"]
[EventType "tourn"]
[EventRounds "9"]
[EventCountry "NED"]
[Source "lmi"]
[SourceDate "2005.07.25"]

1. e4 c5 2. Nc3 e6 3. f4 a6 4. Nf3 Nc6 5. g3 b5 6. d3 Bb7 7. Bg2 Qc7 8. O-O Nf6
9. e5 Nd5 10. Ne4 f5 11. exf6 Nxf6 1-0

[Event "Amsterdam Chess Tournament 2005"]
[Site "Amsterdam NED"]
[Date "2005.07.20"]
[Round "5.40"]
[White "Pruijssers, Roeland"]
[Black "Van Oosterom, Chiel"]
[Result "0-1"]
[WhiteElo "2261"]
[BlackElo "2197"]
[PlyCount "56"]
[EventDate "2005.07.16"]
[EventType "tourn"]
[EventRounds "9"]
[EventCountry "NED"]
[Source "lmi"]
[SourceDate "2005.07.25"]

1. e4 c5 2. Nf3 Nc6 3. d4 cxd4 4. Nxd4 Nf6 5. Nc3 e5 6. Ndb5 d6 7. Bg5 a6 8.
Na3 b5 9. Bxf6 gxf6 10. Nd5 Bg7 11. c3 f5 12. exf5 Bxf5 13. Nc2 Be6 14. g3 O-O
15. Bg2 a5 16. O-O Rb8 17. Qe2 Qd7 18. Nce3 f5 19. f4 e4 20. Rad1 Bxd5 21. Nxd5
Qe6 22. a4 Nd4 23. cxd4 Qxd5 24. g4 Qc4 25. Qxc4+ bxc4 26. Rf2 d5 27. gxf5 Rb3
28. Rdd2 Rxf5 0-1

[Event "Amsterdam Chess Tournament 2005"]
[Site "Amsterdam NED"]
[Date "2005.07.20"]
[Round "5.41"]
[White "Wong, Zi Jing"]
[Black "Bensdorp, Marlies"]
[Result "1/2-1/2"]
[WhiteElo "2330"]
[BlackElo "2225"]
[PlyCount "138"]
[EventDate "2005.07.16"]
[EventType "tourn"]
[EventRounds "9"]
[EventCountry "NED"]
[Source "lmi"]
[SourceDate "2005.07.25"]

1. e4 e6 2. d4 d5 3. Nc3 Nf6 4. e5 Nfd7 5. f4 c5 6. Nf3 Qb6 7. Be3 a6 8. Na4
Qa5+ 9. c3 cxd4 10. b4 Qc7 11. Qxd4 a5 12. a3 axb4 13. axb4 Nc6 14. Qd1 b6 15.
Bd3 Be7 16. O-O O-O 17. Qc2 g6 18. Qf2 Rb8 19. Bb5 Bd8 20. Rfc1 Na7 21. c4 dxc4
22. Bxc4 Qb7 23. Nc3 Be7 24. Ba6 Qa8 25. Nb5 Nxb5 26. Bxc8 Rfxc8 27. Rxc8+ Rxc8
28. Rxa8 Rxa8 29. h4 Nc3 30. Kh2 Bxb4 31. Bxb6 Nxb6 32. Qxb6 Nd5 33. Qb7 Rf8
34. h5 Bc5 35. g3 Kg7 36. Ng5 Be7 37. Ne4 Rd8 38. Kg2 gxh5 39. Kf3 h6 40. Nf2
Kf8 41. Ne4 Kg7 42. Nf2 Kf8 43. Qb1 Kg7 44. f5 exf5 45. Qxf5 Nc7 46. Qxh5 Ne6
47. Ke2 Bg5 48. Qg4 Rd2+ 49. Kf1 Rd5 50. Qf5 Rd8 51. Ne4 Rd1+ 52. Kg2 Rc1 53.
Nd6 Nd8 54. Ne8+ Kf8 55. Nf6 Ne6 56. Qh7 Ke7 57. Ng8+ Ke8 58. Nxh6 Bxh6 59.
Qxh6 Rc5 60. Kh3 Nd8 61. Qd6 Rc6 62. Qb8 Re6 63. Kg4 Ke7 64. Qc7+ Ke8 65. Kf5
Nc6 66. Qc8+ Ke7 67. Qb7+ Ke8 68. Qc8+ Ke7 69. Qc7+ Ke8 1/2-1/2

[Event "Amsterdam Chess Tournament 2005"]
[Site "Amsterdam NED"]
[Date "2005.07.20"]
[Round "5.42"]
[White "Koehler, Aran"]
[Black "Van Beek, Alexander"]
[Result "0-1"]
[WhiteElo "2223"]
[BlackElo "2312"]
[PlyCount "124"]
[EventDate "2005.07.16"]
[EventType "tourn"]
[EventRounds "9"]
[EventCountry "NED"]
[Source "lmi"]
[SourceDate "2005.07.25"]

1. e4 c5 2. Nc3 e6 3. Bc4 Nc6 4. d3 g6 5. a3 Bg7 6. f4 Nge7 7. Ba2 d5 8. Bd2
O-O 9. Rb1 dxe4 10. Nxe4 b6 11. Nf3 Bb7 12. O-O Qc7 13. Qe1 Nf5 14. g4 Nfd4 15.
c3 Nxf3+ 16. Rxf3 Ne7 17. Rh3 Rfd8 18. Ng5 Qc6 19. Ne4 Rxd3 20. Rxd3 Qxe4 21.
Qxe4 Bxe4 22. Rd7 Bxb1 23. Bxb1 Nd5 24. g5 Kf8 25. Be4 Ke8 26. Rb7 c4 27. Kf2
Bf8 28. Kf3 h5 29. h4 Bc5 30. b4 cxb3 31. c4 Ne7 32. Rxe7+ Kxe7 33. Bxa8 Bxa3
34. Bc3 Kd6 35. Bg7 Bc1 36. Bf8+ Kc7 37. c5 bxc5 38. Bxc5 a5 39. Be3 Bb2 40.
Ke2 a4 41. Kd1 Kd6 42. Be4 a3 43. Bc1 Bxc1 44. Kxc1 Kc5 45. Kb1 Kd4 46. Bc6 Ke3
47. Be8 Kxf4 48. Bxf7 Kg3 49. Bxe6 b2 50. Bf5 Kxh4 51. Bxg6 Kxg5 52. Be4 h4 53.
Ka2 Kf4 54. Bg2 Ke3 55. Bh3 Kd2 56. Kb1 Kc3 57. Bf5 Kb3 58. Be6+ Kb4 59. Bh3
Kc3 60. Bf5 Kd2 61. Bh3 Ke3 62. Bg2 Kf2 0-1

[Event "Amsterdam Chess Tournament 2005"]
[Site "Amsterdam NED"]
[Date "2005.07.20"]
[Round "5.43"]
[White "Drost, Peter"]
[Black "Bakker, Sven"]
[Result "1/2-1/2"]
[WhiteElo "2203"]
[BlackElo "2300"]
[PlyCount "87"]
[EventDate "2005.07.16"]
[EventType "tourn"]
[EventRounds "9"]
[EventCountry "NED"]
[Source "lmi"]
[SourceDate "2005.07.25"]

1. d4 Nf6 2. c4 e6 3. Nf3 b6 4. g3 Ba6 5. b3 Bb4+ 6. Bd2 Be7 7. Nc3 O-O 8. Rc1
d5 9. cxd5 exd5 10. Bg2 Re8 11. O-O Ba3 12. Rb1 Bd6 13. Re1 Nbd7 14. Nh4 c6 15.
Nf5 Bb4 16. Rc1 Rc8 17. Bg5 Nf8 18. h4 Ne6 19. Qd2 Nxg5 20. Qxg5 g6 21. Nh6+
Kf8 22. Ng4 Nxg4 23. Qxg4 Qf6 24. e3 Bd3 25. Red1 Bf5 26. Qe2 Qe7 27. Kh2 h5
28. Bh3 Qe6 29. Bxf5 Qxf5 30. Qc2 Qf3 31. Qe2 Qf6 32. Kg2 Qd6 33. Nb1 Rc7 34.
Qb2 Qe6 35. Qe2 Kg7 36. Qd3 Be7 37. Nc3 Bf6 38. Ne2 Qd7 39. Nf4 Qd6 40. Rc2
Rec8 41. Rdc1 a5 42. Qa6 Rb8 43. Qe2 Rbc8 44. Qa6 1/2-1/2

[Event "Amsterdam Chess Tournament 2005"]
[Site "Amsterdam NED"]
[Date "2005.07.20"]
[Round "5.44"]
[White "Van den Berg, Ad M.J"]
[Black "Visser, Henk-Jan"]
[Result "1-0"]
[WhiteElo "2298"]
[BlackElo "2221"]
[PlyCount "85"]
[EventDate "2005.07.16"]
[EventType "tourn"]
[EventRounds "9"]
[EventCountry "NED"]
[Source "lmi"]
[SourceDate "2005.07.25"]

1. c4 g6 2. d4 Bg7 3. e4 d6 4. Nc3 e5 5. d5 Nd7 6. Nf3 Ne7 7. h4 Nf6 8. Be2 O-O
9. Ng5 c6 10. Be3 cxd5 11. cxd5 Bd7 12. a4 Rc8 13. Bf3 Rc4 14. Qb3 Rd4 15. Qxb7
Nc8 16. a5 Re8 17. Kf1 Rc4 18. Qb3 Rc7 19. Qb8 Re7 20. a6 h6 21. Nh3 Rc4 22.
Ra3 Be8 23. g3 Nd7 24. Qb3 Ncb6 25. Ra5 f5 26. Kg2 Qc8 27. Be2 Rc7 28. Nb5 Nc5
29. Bxc5 Bxb5 30. Bxb6 Bxe2 31. Bxc7 Qxc7 32. Raa1 fxe4 33. Rhc1 Bf3+ 34. Kh2
Qd7 35. Ng1 Bg4 36. Rc6 Rf7 37. Qe3 Qf5 38. Rf1 g5 39. h5 Bf3 40. Nxf3 exf3 41.
Rc4 g4 42. Rh1 Bf8 43. Qe4 1-0

[Event "Amsterdam Chess Tournament 2005"]
[Site "Amsterdam NED"]
[Date "2005.07.20"]
[Round "5.46"]
[White "Doggers, Peter"]
[Black "Breivik, Lars"]
[Result "0-1"]
[WhiteElo "2249"]
[BlackElo "2217"]
[PlyCount "60"]
[EventDate "2005.07.16"]
[EventType "tourn"]
[EventRounds "9"]
[EventCountry "NED"]
[Source "lmi"]
[SourceDate "2005.07.25"]

1. e4 c5 2. Nf3 Nc6 3. d4 cxd4 4. Nxd4 Qc7 5. Nc3 e6 6. Be3 a6 7. Bd3 b5 8.
Nxc6 dxc6 9. a4 b4 10. Nb1 a5 11. Nd2 Nf6 12. O-O e5 13. Nc4 Be6 14. f3 Nd7 15.
f4 f6 16. Kh1 g6 17. fxe5 Nxe5 18. Bf4 Bxc4 19. Bxc4 Bd6 20. Bb3 h5 21. h3 Rd8
22. Qe1 Qe7 23. Rd1 g5 24. Bh2 Kf8 25. Rf5 Kg7 26. h4 gxh4 27. Qxh4 Ng4 28.
Bxd6 Rxd6 29. Rdf1 Qxe4 30. Qg3 Qxf5 0-1

[Event "Amsterdam Chess Tournament 2005"]
[Site "Amsterdam NED"]
[Date "2005.07.20"]
[Round "5.47"]
[White "Van Gool, Henk"]
[Black "De Saegher, Chris"]
[Result "0-1"]
[WhiteElo "2242"]
[BlackElo "2187"]
[PlyCount "79"]
[EventDate "2005.07.16"]
[EventType "tourn"]
[EventRounds "9"]
[EventCountry "NED"]
[Source "lmi"]
[SourceDate "2005.07.25"]

1. e4 c6 2. d4 d5 3. exd5 cxd5 4. Nf3 Nf6 5. Ne5 Nc6 6. f4 g6 7. c3 Bg7 8. Bd3
Bf5 9. O-O Bxd3 10. Qxd3 O-O 11. Be3 Ne4 12. Nd2 Nd6 13. g4 Rc8 14. Rf2 b5 15.
Nxc6 Rxc6 16. f5 Nc4 17. Nb3 b4 18. cxb4 Nxe3 19. Qxe3 Rc4 20. a3 Re8 21. Qf3
Rxd4 22. Kh1 Rc4 23. Rd1 e6 24. h3 Qc7 25. fxg6 hxg6 26. Rdf1 Rf8 27. Re2 Rc2
28. Nc5 Rxe2 29. Qxe2 a5 30. Nd3 axb4 31. Nxb4 Rc8 32. Nd3 Qb7 33. Qf3 Rc2 34.
b4 e5 35. Nc5 Qc7 36. Qd3 Rb2 37. Na4 e4 38. Nxb2 exd3 39. Nxd3 Qc4 40. Rd1 0-1

[Event "Amsterdam Chess Tournament 2005"]
[Site "Amsterdam NED"]
[Date "2005.07.20"]
[Round "5.48"]
[White "Gavin Roche, Enrique"]
[Black "Hansen, Kay"]
[Result "1/2-1/2"]
[WhiteElo "2230"]
[BlackElo "2205"]
[PlyCount "141"]
[EventDate "2005.07.16"]
[EventType "tourn"]
[EventRounds "9"]
[EventCountry "NED"]
[Source "lmi"]
[SourceDate "2005.07.25"]

1. d4 d5 2. c4 c6 3. Nc3 Nf6 4. cxd5 cxd5 5. Bf4 e6 6. e3 Bd6 7. Bxd6 Qxd6 8.
Bd3 O-O 9. f4 b6 10. Qe2 a5 11. a3 Ba6 12. Nb5 Bxb5 13. Bxb5 Rc8 14. Nf3 Ra7
15. O-O Rac7 16. Bd3 Ne4 17. g4 f5 18. Ne5 Nd7 19. Rad1 Nf8 20. Bb1 g6 21. gxf5
exf5 22. Qb5 Nd7 23. Ba2 Ndf6 24. Bb3 Kg7 25. h3 Qd8 26. Rfe1 Ng3 27. Nf3 Qd7
28. Qxd7+ Rxd7 29. Kg2 Nge4 30. Rc1 Rdc7 31. Rxc7+ Rxc7 32. Re2 Nd6 33. Ne5 b5
34. Rc2 Nc4 35. Kf2 Ne4+ 36. Ke2 Kf6 37. a4 Ng3+ 38. Kf2 bxa4 39. Bxc4 Ne4+ 40.
Ke2 dxc4 41. Rxc4 Rb7 42. Nd3 a3 43. bxa3 Rb3 44. a4 Rc3 45. Ne5 Ke6 46. Rxc3
Nxc3+ 47. Kd3 Nxa4 48. Nc4 Kd5 49. Nxa5 Nb2+ 50. Ke2 Na4 51. Kf3 Nc3 52. h4 Ne4
53. Nb7 Kc4 54. Ke2 Ng3+ 55. Kf2 Ne4+ 56. Kf3 Nd2+ 57. Ke2 Ne4 58. Nd8 Ng3+ 59.
Kf3 Ne4 60. Nf7 Nf6 61. Ke2 Kc3 62. Ng5 Kc2 63. d5 Nxd5 64. Nxh7 Kc3 65. Nf8
Ne7 66. Nd7 Kc4 67. Kd2 Kd5 68. Ke2 Ke6 69. Ne5 Kf6 70. Kf3 Nd5 71. Nd7+
1/2-1/2

[Event "Amsterdam Chess Tournament 2005"]
[Site "Amsterdam NED"]
[Date "2005.07.20"]
[Round "5.49"]
[White "Riemens, Albert"]
[Black "Odink, Karel"]
[Result "1/2-1/2"]
[WhiteElo "2210"]
[BlackElo "2198"]
[PlyCount "105"]
[EventDate "2005.07.16"]
[EventType "tourn"]
[EventRounds "9"]
[EventCountry "NED"]
[Source "lmi"]
[SourceDate "2005.07.25"]

1. e4 g6 2. d4 Bg7 3. Nc3 c6 4. Nf3 d6 5. h3 Nf6 6. Bd3 O-O 7. O-O Nbd7 8. Be3
e5 9. Qd2 Re8 10. Rad1 Qc7 11. dxe5 dxe5 12. a4 a6 13. Rfe1 Bf8 14. Bg5 b5 15.
axb5 axb5 16. Ra1 Bb7 17. Rxa8 Bxa8 18. Qc1 Bb7 19. Nd1 c5 20. c3 c4 21. Bc2
Bc5 22. Nd2 Ra8 23. Be3 Bxe3 24. Nxe3 Nc5 25. f3 Rd8 26. Ndf1 Nh5 27. Rd1 Nf4
28. Rxd8+ Qxd8 29. Qd2 Qb6 30. Kh2 Qc7 31. g3 Nfe6 32. Nd5 Qd8 33. Nfe3 h5 34.
h4 Ng7 35. Qd1 g5 36. Nb4 Qe7 37. Nbd5 Qd8 38. Nb4 Qxd1 39. Nxd1 gxh4 40. gxh4
f5 41. exf5 Bxf3 42. Ne3 Kf7 43. Nbd5 Nb7 44. Nb6 Bc6 45. b3 cxb3 46. Bxb3+ Kf6
47. Bd5 Bxd5 48. Nbxd5+ Kf7 49. c4 Nd6 50. cxb5 Nxb5 51. Nc4 Nxf5 52. Nxe5+ Ke6
53. Nf4+ 1/2-1/2

[Event "Amsterdam Chess Tournament 2005"]
[Site "Amsterdam NED"]
[Date "2005.07.21"]
[Round "6.4"]
[White "L'Ami, Erwin"]
[Black "Timman, Jan H"]
[Result "1/2-1/2"]
[WhiteElo "2519"]
[BlackElo "2625"]
[PlyCount "110"]
[EventDate "2005.07.16"]
[EventType "tourn"]
[EventRounds "9"]
[EventCountry "NED"]
[Source "lmi"]
[SourceDate "2005.07.25"]

1. d4 Nf6 2. c4 e6 3. Nc3 Bb4 4. Qc2 O-O 5. a3 Bxc3+ 6. Qxc3 b6 7. Bg5 Bb7 8.
f3 h6 9. Bh4 d5 10. e3 Nbd7 11. cxd5 Nxd5 12. Bxd8 Nxc3 13. Bh4 Nd5 14. Bf2
Rac8 15. e4 Ne7 16. Bb5 c6 17. Ba4 Rfd8 18. Rd1 Ba6 19. Ne2 e5 20. Be3 exd4 21.
Bxd4 Ng6 22. Kf2 Nde5 23. Bc2 c5 24. Bc3 Bd3 25. Bxd3 Nxd3+ 26. Ke3 Nde5 27. g3
Nc4+ 28. Kf2 b5 29. Nf4 Nxf4 30. gxf4 a5 31. b3 Nxa3 32. Bxa5 Rxd1 33. Rxd1 c4
34. bxc4 bxc4 35. f5 c3 36. Rc1 c2 37. Ke2 Rb8 38. Bc7 Rb3 39. Bd6 Nb5 40. Be5
f6 41. Ba1 Na3 42. Bd4 Rb5 43. Kd3 h5 44. f4 Rb3+ 45. Bc3 h4 46. e5 h3 47. Kd2
Kf7 48. Bd4 Rb5 49. Kd3 Ke7 50. Kd2 Rd5 51. Ke3 Kd7 52. Ke4 Rb5 53. Kd3 Ke7 54.
Kd2 Kf7 55. Kd3 Rb3+ 1/2-1/2

[Event "Amsterdam Chess Tournament 2005"]
[Site "Amsterdam NED"]
[Date "2005.07.21"]
[Round "6.9"]
[White "Erenburg, Sergey"]
[Black "Janssen, Ruud"]
[Result "1-0"]
[WhiteElo "2595"]
[BlackElo "2501"]
[PlyCount "81"]
[EventDate "2005.07.16"]
[EventType "tourn"]
[EventRounds "9"]
[EventCountry "NED"]
[Source "lmi"]
[SourceDate "2005.07.25"]

1. e4 e5 2. Nf3 Nc6 3. Bb5 a6 4. Ba4 Nf6 5. O-O Be7 6. Re1 b5 7. Bb3 d6 8. c3
O-O 9. h3 Nd7 10. d4 Bf6 11. a4 Bb7 12. d5 Ne7 13. axb5 axb5 14. Rxa8 Qxa8 15.
Na3 Ba6 16. Nc2 Nc5 17. Nb4 Bc8 18. Bc2 Na6 19. Nxa6 Qxa6 20. Be3 Bd7 21. Nd2
h6 22. Bd3 Bg5 23. Bxg5 hxg5 24. c4 bxc4 25. Nxc4 Bb5 26. Qe2 Bxc4 27. Bxc4 Qb6
28. b3 Ra8 29. Qg4 Ra2 30. Rf1 Ng6 31. Qxg5 Qd4 32. Qg4 Nf8 33. g3 g6 34. Qf3
Nd7 35. Bb5 Nf8 36. Be8 f5 37. exf5 e4 38. Qg4 Qxd5 39. Bxg6 e3 40. Be8+ Kh8
41. Qh5+ 1-0

[Event "Amsterdam Chess Tournament 2005"]
[Site "Amsterdam NED"]
[Date "2005.07.21"]
[Round "6.10"]
[White "Nijboer, Friso"]
[Black "Huzman, Alexander"]
[Result "1/2-1/2"]
[WhiteElo "2529"]
[BlackElo "2577"]
[PlyCount "133"]
[EventDate "2005.07.16"]
[EventType "tourn"]
[EventRounds "9"]
[EventCountry "NED"]
[Source "lmi"]
[SourceDate "2005.07.25"]

1. e4 e5 2. Nf3 Nf6 3. Nxe5 d6 4. Nf3 Nxe4 5. d4 d5 6. Bd3 Nc6 7. O-O Be7 8. c4
Nf6 9. Nc3 Be6 10. cxd5 Nxd5 11. a3 O-O 12. Re1 Re8 13. h3 Bf6 14. Be4 Nxc3 15.
bxc3 Bd5 16. Qd3 Bxe4 17. Rxe4 Rxe4 18. Qxe4 Qe7 19. Qf5 g6 20. Qb5 Nd8 21. a4
c6 22. Qb3 Ne6 23. Ba3 Qc7 24. Re1 Rd8 25. Qc4 Rd5 26. Nh2 Bg7 27. Ng4 h5 28.
Ne3 Rd7 29. Nc2 Qd8 30. Nb4 c5 31. dxc5 Rd1 32. Qf1 Rxe1 33. Qxe1 Qd7 34. a5
Qa4 35. Bb2 Nxc5 36. Kh2 Ne6 37. Qe4 Qxa5 38. Nd5 Qc5 39. f4 Qd6 40. Bc1 b5 41.
Be3 a5 42. g4 hxg4 43. hxg4 a4 44. Kh3 a3 45. Qg2 Nc7 46. Nxc7 Qxc7 47. Qa8+
Bf8 48. Bd4 Qc4 49. f5 a2 50. fxg6 fxg6 51. Kg3 Qe6 52. Kf2 g5 53. Qh1 Bg7 54.
Qa8+ Bf8 55. Qh1 Qf7+ 56. Ke2 Qe7+ 57. Kd2 Qe6 58. Qh8+ Kf7 59. Qh5+ Qg6 60.
Qh1 Bd6 61. Qb7+ Be7 62. Qf3+ Ke6 63. Qa8 Qb1 64. Qc6+ Kf7 65. Qd5+ Ke8 66.
Qc6+ Kf7 67. Qd5+ 1/2-1/2

[Event "Amsterdam Chess Tournament 2005"]
[Site "Amsterdam NED"]
[Date "2005.07.21"]
[Round "6.11"]
[White "Al Modiahki, Mohamad"]
[Black "Williams, Simon"]
[Result "1-0"]
[WhiteElo "2570"]
[BlackElo "2461"]
[PlyCount "65"]
[EventDate "2005.07.16"]
[EventType "tourn"]
[EventRounds "9"]
[EventCountry "NED"]
[Source "lmi"]
[SourceDate "2005.07.25"]

1. e4 c5 2. Nf3 d6 3. d4 cxd4 4. Nxd4 Nf6 5. Nc3 g6 6. Be3 a6 7. f3 Nbd7 8. Qd2
Bg7 9. g4 b5 10. g5 Nh5 11. a4 bxa4 12. Rxa4 Bb7 13. Nb3 O-O 14. Be2 f5 15. Na5
Qc7 16. Nxb7 Qxb7 17. Qd5+ Qxd5 18. Nxd5 Nc5 19. Bxc5 dxc5 20. exf5 Bxb2 21.
Nxe7+ Kh8 22. f6 Bc3+ 23. Kf1 Bd2 24. Rg1 Rab8 25. Rgg4 Rb1+ 26. Kf2 Rh1 27.
Kg2 Rc1 28. Bd3 Rd8 29. Rae4 a5 30. Nc6 Rf8 31. Ne5 c4 32. Rxc4 Be3 33. Nd7 1-0